00618nam a2200181 4500003001100000005001700011008004100028020001500069040003900084041000800123082001300131100002700144245004100171260009300212300004700305650004200352650004200394LK-CoMWRAF20231215105516.0231215b1999 |||||||| |||| 00| 0 eng d a9559054082 aLK-CoMWRAFdLK-CoMWRAFeLK-CoMWRAF aeng a658bNAN a Nanayakkara, Gunapala a Culture and management in Sri Lanka aColombo:b Postgraduate Institute of Management, University of Sri Jayewardenepurac1999 a iv, 107 p. ; 21 cmbBibliography included aManagement- Social aspects- Sri Lanka aIndustries- Social aspects- Sri Lanka